| 000 | 02816nam2a2200301 4500 | ||
|---|---|---|---|
| 001 | RU\NLR\PER_A\012318212_000130 | ||
| 005 | 20250624034319.0 | ||
| 035 | _a(NLR Aleph) 012441556 | ||
| 090 |
_a11928065 _c11928065 |
||
| 100 | _a20210127d2020 |||y0rusy50 ca | ||
| 101 | 0 | _arus | |
| 102 | _aRU | ||
| 200 | 1 | _aМатериалы V межрегиональной научно-практической конференции с международным участием "Актуальные проблемы педиатрии, детской эндокринологии и неонатологии", посвященной памяти заслуженного деятеля науки РСФСР доктора медицинских наук, профессора Анны Тимофеевны Петряевой и 100-летнему юбилею Смоленского государственного медицинского университета (Петряевские педиатрические чтения - 2020) | |
| 210 |
_d2020 _aБ. м. |
||
| 225 | 1 | _aСерия: Клиническая медицина | |
| 461 | 0 |
_1001RU\NLR\BIBL_A\012318212 _12001#$aСмоленский медицинский альманах$eнаучное издание Смоленского государственного медицинского университета$v2020, № 2 _911407687 _cСмоленск _d2019 - _n[б. и.] _oнаучное издание Смоленского государственного медицинского университета _tСмоленский медицинский альманах _x2413-9346 _v2020, № 2 |
|
| 601 | 0 | 2 |
_aСмоленский государственный медицинский университет _bКафедра госпитальной педиатрии с курсом неонатологии _92467592 _3RU\NLR\AUTH\6601682955 |
| 606 | 1 |
_aПедиатрия _jСъезды, совещания и т.п _9973843 _3RU\NLR\AUTH\6646829 |
|
| 686 | 1 | _aР73е(2)л31 Смоленский | |
| 686 | 1 | _aР73я431(2) | |
| 710 | 1 | 2 |
_a"Актуальные проблемы педиатрии, детской эндокринологии и неонатологии", межрегиональная научно-практическая конференция с международным участием _d5 _eСмоленск _f2020 _9735231 _3RU\NLR\AUTH\880536161 |
| 852 |
_aNLR _jП17/1848 |
||
| 942 | _cISSUE | ||
| 980 | _aNB | ||
| 980 | _aRUSPER | ||